[Event "BEM-ch U16/18"]
[Site "Salzgitter Lebenstedt"]
[Date "2002.09.28"]
[Round "1"]
[White "Jakobeit, David"]
[Black "Koehn, Christoph"]
[Result "1-0"]
[WhiteElo "1807"]
[BlackElo "1226"]
[PlyCount "79"]
[EventDate "2002.10.??"]
[EventType "swiss"]
[EventRounds "7"]
[EventCountry "GER"]
[SourceTitle "EXT 2005"]
[Source "ChessBase"]
[SourceDate "2004.11.15"]
[SourceVersion "1"]
[SourceVersionDate "2004.11.15"]
[SourceQuality "1"]

1. e4 e6 2. d4 d5 3. Nc3 c5 4. exd5 exd5 5. dxc5 d4 6. Ne4 Nf6 7. Qe2 Nxe4 8. Qxe4+ Qe7 9. Qxe7+ Bxe7 10. Nf3 Bxc5 11. Bd3 Nc6 12. 0-0 0-0 13. Bf4 Nb4 14. Rfd1 Nxd3 15. Rxd3 Bf5 16. Rd2 Bb4 17. Rxd4 Be7 18. c3 Bf6 19. Rd2 Be4 20. Nd4 Bxd4 21. Rxd4 Bc6 22. Rad1 h6 23. f3 Rae8 24. Kf2 Re6 25. Re1 Rxe1 26. Kxe1 Re8+ 27. Kd2 Bb5 28. c4 Ba6 29. b4 b5 30. c5 Bc8 31. c6 g5 32. Bg3 h5 33. Rd5 a6 34. Rxg5+ Kh7 35. Rxh5+ Kg6 36. Rd5 Be6 37. Rd6 Rc8 38. c7 Rxc7 39. Rxe6+ fxe6 40. Bxc7 1-0